Návrh riadiaceho programu obrábacieho zariadenia pre drevospracujúci priemysel
Salvato in:
| Autore principale: | |
|---|---|
| Altri autori: | |
| Natura: | Manoscritto Libro |
| Lingua: | slovacco |
| Pubblicazione: |
2017
|
| Soggetti: | |
| Accesso online: | http://is.stuba.sk/zp/portal_zp.pl?podrobnosti=126309 |
| Tags: |
Nessun Tag, puoi essere il primo ad aggiungerne!!
|
MARC
| LEADER | 00000ntm a22000003a 4500 | ||
|---|---|---|---|
| 001 | stuzp61080 | ||
| 003 | SK-STU | ||
| 005 | 20170610210409.2 | ||
| 007 | ta | ||
| 008 | 150427s2015----xo-----f-mn---000-0-slo-d | ||
| 040 | |a STU |b slo | ||
| 041 | 0 | |a slo | |
| 100 | 1 | |a Androvics, Gábor |u 066000 |k Z4 |4 aut |U MTF Materiálovotechnologická fakulta |T MTF Ústav aplikovanej informatiky, automatizácie a mechatroniky |X 8398 |U M6000 |Y 86 |7 8398 | |
| 242 | 0 | 1 | |a Design of a machining machine control program for woodworking industry |y eng |
| 245 | 1 | 0 | |a Návrh riadiaceho programu obrábacieho zariadenia pre drevospracujúci priemysel |
| 260 | |c 2017 | ||
| 650 | 4 | |a PLC |2 slo | |
| 650 | 4 | |a HMI |2 slo | |
| 650 | 4 | |a servopohon |2 slo | |
| 650 | 4 | |a servomenič |2 slo | |
| 650 | 4 | |a vŕtanie |2 slo | |
| 650 | 4 | |a PLC |2 eng | |
| 650 | 4 | |a HMI |2 eng | |
| 650 | 4 | |a servomotor |2 eng | |
| 650 | 4 | |a servo drive |2 eng | |
| 650 | 4 | |a drilling |2 eng | |
| 700 | 1 | |a Lukovics, Róbert |4 ths |X 89343 |7 89343 | |
| 856 | 4 | |u http://is.stuba.sk/zp/portal_zp.pl?podrobnosti=126309 | |
| 996 | |c M* DP-13309 |l MMSKP |s P |a 0 |w stuzp61080_0001 | ||